| 000 | 00630nam a22001697a 4500 | ||
|---|---|---|---|
| 003 | OSt | ||
| 005 | 20260601193901.0 | ||
| 008 | 260507b1956 bl ||||| |||| 00| 0 por d | ||
| 040 |
_aICI _bspa _cICI |
||
| 050 |
_aTS171 _bG64 |
||
| 100 |
_aGoncalves, Luiz Carlos de Camargo, _d1956-, _eautor _933912 |
||
| 245 | 1 |
_aDesenho industrial brasileiro? / _cCritica ao espaco ea forma de atuacao / |
|
| 300 | _a113 páginas | ||
| 500 | _a"trabalho de graduacao dos cursos de desenho industrial e comunicacao visual da universidde federal de panama, a presentado em julho de 1980" | ||
| 650 |
_aDiseño industrial _zBrasil |
||
| 942 |
_2lcc _cB _n1 |
||
| 999 |
_c22244 _d22244 |
||